000 00276nam a22001337a 4500
008 170807b xxu||||| |||| 00| 0 eng d
020 _a98019370103
041 _aeng
080 _a004
100 _a33
101 _aSHKI
245 _aTI-92
_cBELLEMAIN, F
942 _2udc
_cBK
999 _c22749
_d22749